| 000 | 00479nam a2200169Ia 4500 | ||
|---|---|---|---|
| 003 | LK-CoDNM | ||
| 008 | 010623t1927 xxu||||| |||| 00| 1 sin d | ||
| 040 |
_aLK-CoDNM _dLK-CoDNM _eLK-CoDNM |
||
| 041 | _asin | ||
| 080 | _a104 C 18 | ||
| 100 | _aDhammananda Thero,Morantuduwe. | ||
| 245 | _aධම්මපද,සද්ධම්ම කෞමදි | ||
| 246 | _aThe Dhammapada : Saddharma Kaumadi | ||
| 260 |
_bMaha Bhodi _aColombo _c1927 |
||
| 300 | _b284p, 21 cm | ||
| 942 | _cBK | ||
| 999 |
_c94048 _d94048 |
||